| 000 | 00000nam##2200000za#4500 |
| 001 | 9.590721 |
| 003 | CaOODSP |
| 005 | 20220808101245 |
| 007 | cr ||||||||||| |
| 008 | 150406|2000||||xxc|||||o f|0| 0 fre|d |
| 020 | |a0-662-84368-1 |
| 040 | |aCaOODSP|bfre |
| 043 | |an-cn--- |
| 086 | 1 |aEn40-215/49F-PDF |
| 110 | 1 |aCanada. |bEnvironnement Canada. |
| 245 | 10|aAcrylonitrile / |h[ressource électronique]|cpublié en collaboration avec Santé Canada. |
| 246 | 1 |aLoi canadienne sur la protection de l'environnement (1999) |
| 260 | |aOttawa - Ontario : |bEnvironnement Canada |cMai 2000. |
| 300 | |a87p.|bréférences, tableaux |
| 490 | 1 |aListe des substances d'intérêt prioritaire, rapport d'évaluation |
| 500 | |aLe n° de catalogue (En40-215/49F) et l'ISBN (0-662-84367-3) de l'édition imprimée ont été incorrectement copiés dans l'édition électronique. |
| 590 | |a11-14-Supp|b2011-08-12 |
| 775 | 08|tAcrylonitrile / |w(CaOODSP)9.557443 |
| 776 | 0#|tAcrylonitrile |w(CaOODSP)9.625237 |
| 830 | #0|aListe des substances d'intérêt prioritaire, rapport d'évaluation.|w(CaOODSP)9.500862 |
| 856 | 40|ahttp://publications.gc.ca|qPDF|s864 Ko|uhttps://publications.gc.ca/collections/Collection/En40-215-49F.pdf |